| 000 | 01424nam a2200217Ia 4500 | ||
|---|---|---|---|
| 008 | 0000001988 usa 0000000000eng00 | ||
| 090 | _aPPR00 Q83n | ||
| 100 | 1 |
_aQuijano, Nick _d1953 |
|
| 245 | 1 | 0 |
_aNick Quijano y Arnaldo Roche _b: le rinden homenaje a campeche = Nick Quijano & Arnaldo Roche _b: pay homage to campeche _c/ curadora Haydee Venegas ; traductores Julia Rodríguez, Enrique García Gutiérrez, Roberto Márquez; fotografías Edwin Medina, Johnny Betancourt, Michael Tropea |
| 300 |
_a[28] p. _c/ 26 cm. |
||
| 500 | _aExposición realizada en Chase Manhattan Bank, Hato rey (puerto Rico), Septiembre 20 Octubre 31, 1988 ; Museum of Contemporary Hispanic Art, new York, Noviembre 17 Diciembre 29, 1988 \ Con el patronazgo del maestro venezolano Jesús Rafael Soto (q.e.p.d.) | ||
| 600 | 0 | 0 |
_aQUIJANO, NICK, 1953/ _xTRABAJOS PICTORICOS \ ROCHERABELL, ARNALDO, 1955 / _xTRABAJOS PICTORICOS |
| 650 | 1 | 4 | _aARTE CONTEMPORANEO PUERTORRIQUEÑO |
| 650 | 1 | 4 | _xCATALOGOS |
| 650 | 1 | 4 | _xEXPOSICIONES |
| 650 | 1 | 4 | _aPINTORES PUERTORRIQUEÑOS |
| 650 | 1 | 4 | _aPINTURA PUERTORRIQUEÑA |
| 700 | 1 | _aVanegas, Haydee \ Rodríguez, Julia, tr. \ García Gutiérrez, Enrique, tr. \ Márquez, Roberto, tr. \ Medina, Edwin \ Betancourt, Johnny \ Tropea, Michael | |
| 999 |
_c6238 _d6238 |
||
| 260 |
_aNew York : Museum of Contemporary Hispanic Art. Mocha _c1988 |
||